|
|
|
|
| LEADER |
00000nam0a2200000 4500 |
| 001 |
91442 |
| 005 |
20231101213755.0 |
| 035 |
|
|
|a (RuTPU)RU\TPU\book\98030
|
| 090 |
|
|
|a 91442
|
| 100 |
|
|
|a 20060225d1971 m y0rusy50 ca
|
| 101 |
0 |
|
|a rus
|
| 102 |
|
|
|a RU
|
| 105 |
|
|
|a y z 000gb
|
| 200 |
1 |
|
|a Радар сердца
|e избранные стихи
|f Р. И. Рождественский
|g художник В. Медведев
|
| 210 |
|
|
|a Москва
|c Художественная литература
|d 1971
|
| 215 |
|
|
|a 216 с.
|
| 600 |
|
1 |
|a Рождественский
|b Р. И.
|c русский поэт
|f 1932-1994
|g Роберт Иванович
|2 stltpush
|3 (RuTPU)RU\TPU\pers\8217
|9 1614
|
| 610 |
1 |
|
|a стихи
|
| 610 |
1 |
|
|a поэзия
|
| 675 |
|
|
|a Р2
|v 3
|
| 700 |
|
1 |
|a Рождественский
|b Р. И.
|c русский поэт
|f 1932-1994
|g Роберт Иванович
|2 stltpush
|3 (RuTPU)RU\TPU\pers\8217
|9 1614
|
| 702 |
|
1 |
|a Медведев
|b В.
|4 040
|
| 801 |
|
1 |
|a RU
|b 63413507
|c 20060225
|g PSBO
|
| 801 |
|
2 |
|a RU
|b 63413507
|c 20170412
|g RCR
|
| 942 |
|
|
|c BK
|